Statistics for Tile Words Puzzle #1

Click here to take the quiz!

General Stats

  • This quiz has been taken 1,961 times
    (789 since last reset)
  • The average score is 12 of 16

Answers on the Map

Answers color-coded by a green-red scale on the quiz's map according to % correct below.
 

Answer Stats

Answer% Correct
91%
90%
89%
88%
87%
83%
82%
70%
66%
64%
62%
62%
62%
62%
61%
59%

Score Distribution

Percentile by Number Answered

Percent of People with Each Score

Your Score History

You have not taken this quiz since the last reset